000 00703cam a2200205 i 4500
005 20251218112249.0
008 250721r2011 jo gr 000 0 ara d
082 1 4 _a218.1
_bك س و
100 1 _aالكسواني، إسماعيل علي
_eمؤلف.
245 1 0 _aكنز العرفان في موضوعات القرآن /
_cتاليف اسماعيل علي الكسواني.
250 _aالطبعة الاولى.
264 1 _aعمان :
_bالمؤلف،
_c2011.
300 _aالجزء الاول.
650 1 7 _aالقرآن الكريم.
650 1 7 _aالثقافة الإسلامية.
650 1 7 _aالله.
653 _aالجان
942 _2ddc
_cBK
999 _c124049
_d124049